Skład Bayernu Monachium w Bundeslidze 2024/25 - Statystyki

Ogólne statystyki
  • Ten quiz został rozwiązany 153 razy
  • Średni wynik to 18 z 30
Statystyki odpowiedzi
Numer Zawodnik % Poprawnych
1 Manuel Neuer
99%
9 Harry Kane
97%
3 Min-Jae Kim
95%
6 Joshua Kimmich
94%
7 Serge Gnabry
92%
8 Leon Goretzka
88%
10 Leroy Sané
87%
2 Dayot Upamecano
86%
42 Jamal Musiala
85%
11 Kingsley Coman
83%
17 Michael Olise
78%
19 Alphonso Davies
77%
25 Thomas Müller
75%
27 Konrad Laimer
63%
45 Aleksandar Pavlović
60%
26 Sven Ulreich
58%
44 Josip Stanišić
54%
16 João Palhinha
52%
39 Mathys Tel
52%
15 Eric Dier
49%
21 Hiroki Ito
49%
22 Raphäel Guerreiro
49%
23 Sacha Boey
48%
18 Daniel Peretz
43%
20 Arijon Ibrahimović
33%
48 Adam Aznou
22%
28 Tarek Buchmann
19%
46 Gabriel Vidović
13%
31 Nestory Irankunda
13%
36 Noel Aseko Nkili
6%
Nie znaleziono quizów pasujących do podanych kryteriów
Rozkład punktacji
Procent ludzi z każdym wynikiem
Percentyl według liczby udzielonych odpowiedzi
Twoja historia wyników
Nie rozwiązałeś tego quizu